[Event "Mittelrhein Regionalliga 18/19"]
[Site "Nordrheinwestfalen"]
[Date "2019.03.10"]
[Round "8.8"]
[White "Esser, Franz Josef"]
[Black "Peltzer, Harald"]
[Result "1-0"]
[WhiteElo "2042"]
[BlackElo "1863"]
[PlyCount "67"]
[EventDate "2018.10.28"]
[EventType "team-tourn"]
[EventRounds "11"]
[EventCountry "GER"]
[SourceTitle "EXT 2022"]
[Source "ChessBase"]
[SourceDate "2021.10.06"]
[SourceVersion "1"]
[SourceVersionDate "2021.10.06"]
[SourceQuality "1"]
[WhiteTeam "Aachen SV II"]
[BlackTeam "Wuerselen"]
[WhiteTeamCountry "GER"]
[BlackTeamCountry "GER"]

1. d4 d5 2. c4 e6 3. Nc3 Nf6 4. Bg5 Be7 5. e3 0-0 6. Nf3 b6 7. cxd5 Nxd5 8. Bxe7 Nxe7 9. Bd3 h6 10. 0-0 Bb7 11. Rc1 a6 12. Qe2 Nd7 13. Rfd1 b5 14. Ne4 Nd5 15. Nc5 Nxc5 16. Rxc5 Rc8 17. Rdc1 Qe7 18. Bb1 Rfd8 19. Qc2 f5 20. a3 Rd7 21. Ba2 Qf6 22. Ne5 Re7 23. Nc6 Rd7 24. Bxd5 Rxd5 25. Rxd5 exd5 26. Qc5 Re8 27. g3 Re6 28. Na5 Ba8 29. Qa7 Qd8 30. Qxc7 Qe8 31. Qc8 Kf7 32. Rc7+ Kf6 33. Qxe8 Rxe8 34. Ra7 1-0

[Event "Mittelrhein Regionalliga 18/19"]
[Site "Nordrheinwestfalen"]
[Date "2019.02.10"]
[Round "7.7"]
[White "Winkels, Marcel"]
[Black "Peltzer, Harald"]
[Result "0-1"]
[WhiteElo "1956"]
[BlackElo "1863"]
[PlyCount "100"]
[EventDate "2018.10.28"]
[EventType "team-tourn"]
[EventRounds "11"]
[EventCountry "GER"]
[SourceTitle "EXT 2022"]
[Source "ChessBase"]
[SourceDate "2021.10.06"]
[SourceVersion "1"]
[SourceVersionDate "2021.10.06"]
[SourceQuality "1"]
[WhiteTeam "Alsdorf SVG"]
[BlackTeam "Wuerselen"]
[WhiteTeamCountry "GER"]
[BlackTeamCountry "GER"]

1. e4 e6 2. d3 d5 3. Nd2 Nf6 4. Ngf3 c5 5. g3 Nc6 6. Bg2 Be7 7. 0-0 0-0 8. Re1 Re8 9. e5 Nd7 10. Nf1 Qc7 11. Bf4 h6 12. h4 b5 13. N1h2 Bb7 14. Qd2 Kh7 15. h5 d4 16. g4 Nb6 17. g5 hxg5 18. Bxg5 Rh8 19. Ng4 Nd5 20. h6 gxh6 21. Bf6 Bxf6 22. exf6 Qf4 23. Nge5 Qxd2 24. Nxd2 Rhg8 25. Kh2 Nxe5 26. Rxe5 Rab8 27. Be4+ Kh8 28. Rh5 Nxf6 29. Rxh6+ Kg7 30. Rh4 Bxe4 31. dxe4 Kf8 32. f3 Ke7 33. Nb3 Nd7 34. Rh5 Kd6 35. Rh7 Rbf8 36. a4 b4 37. Nd2 Ne5 38. Rg1 c4 39. Rgg7 Rxg7 40. Rxg7 c3 41. bxc3 dxc3 42. Nb3 Nxf3+ 43. Kg3 Nd2 44. Nd4 Nxe4+ 45. Kf4 Nc5 46. Nb5+ Kd5 47. a5 a6 48. Rg5+ f5 49. Nc7+ Kc6 50. Rg7 Rc8 0-1

[Event "Mittelrhein Regionalliga 1718"]
[Site "Nordrheinwestfalen"]
[Date "2018.02.04"]
[Round "6.5"]
[White "Peltzer, Harald"]
[Black "Hoeren, Andreas"]
[Result "0-1"]
[WhiteElo "1878"]
[BlackElo "2104"]
[PlyCount "50"]
[EventDate "2017.09.10"]
[EventType "team-tourn"]
[EventRounds "9"]
[EventCountry "GER"]
[SourceTitle "EXT 2022"]
[Source "ChessBase"]
[SourceDate "2021.10.06"]
[SourceVersion "1"]
[SourceVersionDate "2021.10.06"]
[SourceQuality "1"]
[WhiteTeam "Wuerselen"]
[BlackTeam "Koeln Lasker"]
[WhiteTeamCountry "GER"]
[BlackTeamCountry "GER"]

1. e4 d6 2. d4 Nf6 3. Bd3 e5 4. c3 d5 5. dxe5 Nxe4 6. Bxe4 dxe4 7. Qa4+ Bd7 8. Qxe4 Bc6 9. Qg4 Nd7 10. f4 Nc5 11. Na3 Nd3+ 12. Ke2 Bxa3 13. Qxg7 Rf8 14. bxa3 Qd5 15. Nf3 Qe4+ 16. Be3 Nxf4+ 17. Kf2 Nd3+ 18. Ke2 0-0-0 19. Qf6 Bb5 20. Rab1 Bc4 21. Qh4 Nxe5+ 22. Kf2 Qc2+ 23. Nd2 Rxd2+ 24. Bxd2 Qxd2+ 25. Kg1 Nf3+ 0-1

[Event "Mittelrhein Verbandsliga-W 16/17"]
[Site "Nordrheinwestfalen"]
[Date "2017.03.19"]
[Round "9.8"]
[White "Peltzer, Harald"]
[Black "Kohnen, Thorsten"]
[Result "1-0"]
[WhiteElo "1852"]
[BlackElo "1672"]
[PlyCount "77"]
[EventDate "2016.09.11"]
[EventType "team-tourn"]
[EventRounds "11"]
[EventCountry "GER"]
[SourceTitle "EXT 2022"]
[Source "ChessBase"]
[SourceDate "2021.10.06"]
[SourceVersion "1"]
[SourceVersionDate "2021.10.06"]
[SourceQuality "1"]
[WhiteTeam "Wuerselen II"]
[BlackTeam "Eschweiler SC"]
[WhiteTeamCountry "GER"]
[BlackTeamCountry "GER"]

1. e4 e5 2. Nf3 Nc6 3. Bc4 Bc5 4. 0-0 Nf6 5. d3 h6 6. c3 d6 7. h3 0-0 8. b4 Bb6 9. Qb3 Qe7 10. a4 a5 11. b5 Nd8 12. Nbd2 Ne6 13. Ba3 Bc5 14. Rfe1 Bxa3 15. Qxa3 Nc5 16. d4 Ncd7 17. Rac1 b6 18. Nh4 Kh7 19. f4 Nxe4 20. Rxe4 Bb7 21. Nf5 Qf6 22. Re3 exf4 23. Re7 Qxf5 24. Bb3 Qg5 25. Re2 Rfe8 26. Rf2 Re7 27. Qa2 Kg8 28. Nf3 Bxf3 29. Rxf3 Qf5 30. Bc2 Qg5 31. Rcf1 Rae8 32. Rxf4 Nf6 33. R4f2 Re2 34. Bh7+ Kxh7 35. Rxe2 Rxe2 36. Qxe2 Qd5 37. Qe7 Qc4 38. Rf3 Qd5 39. Qxc7 1-0